Apokrimata : decisions of Septimius Severus on legal matters. Text, translation, and historical analysis /

محفوظ في:

المؤلف الرئيسي: Severus, Lucius Septimius, Emperor of Rome, 146-211 (مؤلف)

مؤلف مشترك: Columbia University. Libraries.

مؤلفون آخرون: Westermann, William Linn, 1873-1954., Schiller, A. Arthur, 1902-1977.

التنسيق: كتاب

اللغة: English
Latin

منشور في: New York : Columbia University Press, 1954.

سلاسل: Columbia bicentennial editions and studies.

الموضوعات:

الوسوم: إضافة وسم

لا توجد وسوم, كن أول من يضع وسما على هذه التسجيلة!

رقم الطلب: DG88 .A3 1954

LEADER 01408namaa2200349 4500
001 22224
003 OSt
005 20260114141639.0
008 130303s1954 nyuh 000 0 eng d
010 |a 54006485 
040 |c ARCE Library 
041 1 |a eng  |h lat 
043 |a e------  |a ff-----  |a aw----- 
050 4 |a DG88 .A3 1954 
100 1 |a Severus, Lucius Septimius,  |c Emperor of Rome,  |d 146-211,  |e author  |9 39724 
245 1 0 |a Apokrimata :  |b decisions of Septimius Severus on legal matters. Text, translation, and historical analysis /  |c by William Linn Westermann; legal commentary by A. Arthur Schiller. 
264 1 |a New York :   |b Columbia University Press,   |c 1954. 
300 |a x, 110 pages :  |b facsimiles ;  |c 28 cm. 
490 0 |a Columbia bicentennial editions and studies. 
500 |a The facsim. is a reproduction of the single sheet of papyrus in the collection of the Nicholas Murray Butler Library of Columbia University, P. Columbia 123. 
555 |a Sara.lib 
650 0 |a Roman law  |x Manuscripts. 
650 0 |a Roman law  |v Sources. 
650 0 |a Law  |z Egypt  |x Manuscripts. 
650 0 |a Law  |z Egypt  |v Sources. 
650 0 |a Manuscripts, Greek (Papyri) 
700 1 |a Westermann, William Linn,  |d 1873-1954. 
700 1 |a Schiller, A. Arthur,  |d 1902-1977. 
710 2 |a Columbia University.  |b Libraries.  |k Manuscript.  |n (P. Columbia 123) 
901 |a reviewed 
942 |c BK  |2 lcc 
999 |c 20823  |d 20823